| 000 | 00552cam a2200193 4500 | ||
|---|---|---|---|
| 001 | 5876 | ||
| 005 | 20250312154719.0 | ||
| 008 | 140526t20142014ii a 001 0 eng | ||
| 010 | _a 2014355750 | ||
| 020 | _a9780367355302 | ||
| 082 | _a616.89 McH | ||
| 100 | 1 | _aMcHenry, Bill. | |
| 245 | 1 | 0 |
_aWhat therapists say and why they say it : _heffective therapeutic responses and techniques. |
| 260 |
_aNew York : _bTaylor & Francis, _c2021. |
||
| 300 |
_axiii, 213 p. : _bill. ; _c26 cm |
||
| 500 | _aIncludes index. | ||
| 650 | 0 | _v. | |
| 942 |
_2ddc _cMAIN |
||
| 999 |
_c10152 _d10153 |
||